AH International Schools' Libraries

Normal view MARC view
  • Men (Christian theology)

Entry Topical Term

Number of records used in: 2

001 - CONTROL NUMBER

  • control field: 2501

003 - CONTROL NUMBER IDENTIFIER

  • control field: OSt

005 - DATE AND TIME OF LATEST TRANSACTION

  • control field: 20110111130710.0

008 - FIXED-LENGTH DATA ELEMENTS

  • fixed length control field: 110111|||a|||||| | ||| d

040 ## - CATALOGING SOURCE

  • Original cataloging agency: OSt
  • Transcribing agency: OSt

150 ## - HEADING--TOPICAL TERM

  • Topical term or geographic name as entry element: Men (Christian theology)

670 ## - SOURCE DATA FOUND

  • Source citation: Work cat.: (OSt)0: Elliot, Elisabeth. 2500, The mark of a man :, 2006, c1981.

670 ## - SOURCE DATA FOUND

  • Source citation: Work cat.: (OSt)0: Elliot, Elisabeth. 2500, The mark of a man :, 2006, c1981.

For any Logos Library related questions please contact Miss Art at swongnarasuk@asianhope.org.

For any Asian Hope Library related questions please contact Miss Raza at graza@asianhope.org.

Click here to explore our ebooks!

Powered by Koha